000
00339nam a2200133Ia 4500
008
100328s9999 xx 000 0 und d
082
_b
1135
100
_a
Chekhov A. P.
245
_a
Short Novels And Stories
260
_b
Foreign Languages
630
_a
Short Novels And Stories
730
_a
Short Novels And Stories
942
_c
BOOK
999
_c
497431
_d
497428